000 00849nam a2200217 i 4500
001 171799
003 ES-MaACL
005 20240229062730.0
008 090601s1958 sp af |||| | spa d
080 _a94(460.355 C.)"1808/14"
100 1 _aSolís, Ramón,
_d1923-1978
_9107215
245 1 3 _aEl Cádiz de las Cortes
_b: la vida en la ciudad en los años de 1810 a 1813 /
_cRamón Solís ; prólogo de Gregorio Marañón.
260 _aMadrid :
_bInstituto de Estudios Políticos,
_c1958.
300 _aXXXII, 563 p., 33 h. lám. ;
_c25 cm.
651 4 _aCádiz-
_xHistoria-
_yS.XIX.
_97918
651 4 _aEspaña-
_xHistoria-
_y1808-1814, Guerra de la Independencia
_98244
700 1 _aMarañón, Gregorio,
_d1887-1960
_976311
710 2 _aInstituto de Estudios Políticos (Madrid)
_94924
852 _aES-MaACL
_jC-22831
999 _c171799
_d171799